000 00599naa a2200181 4500
001 174421
003 ES-MaBCM
005 20241016191950.0
008 100125s2009 ita|r0p 0 ||ita d
021 _axx
035 _a(OCoLC)1365134120
040 _cES-MaBCM
100 1 _aGorgoni, Guido
_989375
245 1 0 _aLa responsabilità come progetto
_b: primi elementi per un'analisi dell'idea giuridica di responsabilità prospettica
_cGuido Gorgoni
650 2 7 _aResponsabilidad
_960112
773 0 _aEn:
_t Diritto e società
_dPadova
_w104388
_gN. 2 (apr.-giugno 2009), p. 243-292
942 _cAREV
999 _c174421
_d174421